Leadership and the development of quality culture in schools

Vedenie a riadenie kvality vzdelávania na základných školách. TQM (total quality management) - filozofia rozvoja kultúry kvality v školách a jej definícia. Model vedenia pri riadení kvality. Charakteristika kvality a kvalitného školstva.

Bibliographic Details
Main Author: Berry, Geoff (Author)
Format: Article
Language:English

MARC

LEADER 00000nab a2200000 a 4500
001 vtls001501532
003 SK-MaSNL
005 20260303225050.0
008 050224s1997 xo 000 0 eng
035 |a SPKCL4198 
040 |a SPKCL  |b slo  |c SNKBUCL  |d ÚIP-SPK(MH)  |e AACR2 
041 |a eng 
044 |a xo  |c SK 
080 |a 373.3:37.014:37.015.62  |2 1981 
100 1 |a Berry, Geoff  |4 aut  |9 1261451 
245 1 0 |a Leadership and the development of quality culture in schools  |c Geoff Berry 
520 |a Vedenie a riadenie kvality vzdelávania na základných školách. TQM (total quality management) - filozofia rozvoja kultúry kvality v školách a jej definícia. Model vedenia pri riadení kvality. Charakteristika kvality a kvalitného školstva. 
773 1 |t The International Journal of Educational Management  |g Roč. 11, č. 2 (1997) s. 52-64 
850 |a Slovenská pedagogická knižnica Bratislava 
852 |a SPKCL  |b KIS3GCP  |b 000710000  |n SK 
999 |c 2255437  |d 2257367